000 00639nam a2200205Ii 4500
003 JO-AjNU
008 230605s9999||||xx |||||||||||||| ||und||
017 _a2005/4/769
040 _aJO-AjNU
_bara
_erda
_cJO-AjNU
041 _aara
050 1 4 _aRC537 2005
100 3 _aعبدالقادر، فاضل,
_eauthor
_922654
245 0 0 _aكيف تتغلب على القلق والاكتئاب
264 3 1 _aعمان:دار اسامه للنشر ، 2005
300 _a133ص
336 _atext
_btxt
_2rdacontent
337 _aunmediated
_bn
_2rdamedia
338 _avolume
_bnc
_2rdacarrier
650 4 _aالمشاكل - الارق
_922655
999 _aA8076
_c11644
_d11644